<?xml version="1.0" encoding="UTF-8"?>
<record
    xmlns:xsi="http://www.w3.org/2001/XMLSchema-instance"
    xsi:schemaLocation="http://www.loc.gov/MARC21/slim http://www.loc.gov/standards/marcxml/schema/MARC21slim.xsd"
    xmlns="http://www.loc.gov/MARC21/slim">

  <leader>01184cam a2200349 a 4500</leader>
  <controlfield tag="001">2735</controlfield>
  <controlfield tag="003">FISKH</controlfield>
  <controlfield tag="005">20240111135555.0</controlfield>
  <controlfield tag="008">980212s1998    nyua   a      000 1 eng  </controlfield>
  <datafield tag="010" ind1=" " ind2=" ">
    <subfield code="a">   98012693 </subfield>
  </datafield>
  <datafield tag="020" ind1=" " ind2=" ">
    <subfield code="a">0679887008 (trade)</subfield>
  </datafield>
  <datafield tag="020" ind1=" " ind2=" ">
    <subfield code="a">9781412784535</subfield>
  </datafield>
  <datafield tag="020" ind1=" " ind2=" ">
    <subfield code="a">0679987002 (glb)</subfield>
  </datafield>
  <datafield tag="040" ind1=" " ind2=" ">
    <subfield code="a">DLC</subfield>
    <subfield code="c">DLC</subfield>
    <subfield code="d">DLC</subfield>
    <subfield code="b">eng</subfield>
  </datafield>
  <datafield tag="042" ind1=" " ind2=" ">
    <subfield code="a">lcac</subfield>
  </datafield>
  <datafield tag="050" ind1="0" ind2="0">
    <subfield code="a">PZ7.A37735</subfield>
    <subfield code="b">Fl 1998</subfield>
  </datafield>
  <datafield tag="082" ind1="0" ind2="0">
    <subfield code="a">[E]</subfield>
    <subfield code="2">21</subfield>
  </datafield>
  <datafield tag="100" ind1="1" ind2=" ">
    <subfield code="a">Alexander, Liza.</subfield>
  </datafield>
  <datafield tag="245" ind1="1" ind2="0">
    <subfield code="a">Flutter by, butterfly /</subfield>
    <subfield code="c">by Liza Alexander ; Adopted by Susan Rich Brooke ; illustrated by David Prebenna ; Elmo performed by Kevin Clash</subfield>
  </datafield>
  <datafield tag="260" ind1=" " ind2=" ">
    <subfield code="a">Illinois : </subfield>
    <subfield code="b">Pil Books, </subfield>
    <subfield code="c">2008.</subfield>
  </datafield>
  <datafield tag="300" ind1=" " ind2=" ">
    <subfield code="a">20 unnumbered pages : </subfield>
    <subfield code="c">32 cm </subfield>
    <subfield code="b">Color illustrations ;</subfield>
    <subfield code="e">One CD Rom</subfield>
  </datafield>
  <datafield tag="440" ind1=" " ind2="0">
    <subfield code="a">Elmo's world</subfield>
  </datafield>
  <datafield tag="504" ind1=" " ind2=" ">
    <subfield code="a">G
</subfield>
  </datafield>
  <datafield tag="520" ind1=" " ind2=" ">
    <subfield code="a">When a butterfly unexpectedly flutters by and surprises Elmo, it sets off a chain reaction of funny accidents.</subfield>
  </datafield>
  <datafield tag="521" ind1="8" ind2=" ">
    <subfield code="a">370
</subfield>
    <subfield code="b">Lexile estimate 
</subfield>
  </datafield>
  <datafield tag="521" ind1="8" ind2=" ">
    <subfield code="a">G
</subfield>
    <subfield code="b">Raz-Plus 
</subfield>
  </datafield>
  <datafield tag="650" ind1=" " ind2="1">
    <subfield code="a">Butterflies</subfield>
    <subfield code="x">Fiction.</subfield>
  </datafield>
  <datafield tag="650" ind1=" " ind2="1">
    <subfield code="a">Puppets</subfield>
    <subfield code="x">Fiction.</subfield>
  </datafield>
  <datafield tag="700" ind1="1" ind2=" ">
    <subfield code="a">Prebenna, David,</subfield>
    <subfield code="e">illustrator </subfield>
  </datafield>
  <datafield tag="906" ind1=" " ind2=" ">
    <subfield code="a">7</subfield>
    <subfield code="b">cbc</subfield>
    <subfield code="c">orignew</subfield>
    <subfield code="d">1</subfield>
    <subfield code="e">ocip</subfield>
    <subfield code="f">19</subfield>
    <subfield code="g">y-gencatlg</subfield>
  </datafield>
  <datafield tag="942" ind1=" " ind2=" ">
    <subfield code="2">ddc</subfield>
    <subfield code="c">BK</subfield>
    <subfield code="n">0</subfield>
  </datafield>
  <datafield tag="999" ind1=" " ind2=" ">
    <subfield code="c">2735</subfield>
    <subfield code="d">2735</subfield>
  </datafield>
  <datafield tag="952" ind1=" " ind2=" ">
    <subfield code="0">0</subfield>
    <subfield code="1">0</subfield>
    <subfield code="2">ddc</subfield>
    <subfield code="4">0</subfield>
    <subfield code="7">0</subfield>
    <subfield code="8">JUVF</subfield>
    <subfield code="a">001</subfield>
    <subfield code="b">001</subfield>
    <subfield code="c">TK Green 7-57-60</subfield>
    <subfield code="d">2024-01-11</subfield>
    <subfield code="l">7</subfield>
    <subfield code="o">ALE PZ7.A37735</subfield>
    <subfield code="p">2024-0019</subfield>
    <subfield code="q">2025-09-03</subfield>
    <subfield code="r">2025-08-20 09:26:30</subfield>
    <subfield code="s">2025-08-20</subfield>
    <subfield code="t">1</subfield>
    <subfield code="w">2024-01-11</subfield>
    <subfield code="y">BK</subfield>
  </datafield>
  <datafield tag="952" ind1=" " ind2=" ">
    <subfield code="0">0</subfield>
    <subfield code="1">0</subfield>
    <subfield code="2">ddc</subfield>
    <subfield code="4">0</subfield>
    <subfield code="7">0</subfield>
    <subfield code="8">JUVF</subfield>
    <subfield code="a">001</subfield>
    <subfield code="b">001</subfield>
    <subfield code="c">TK Green 7-57-60</subfield>
    <subfield code="d">2024-01-11</subfield>
    <subfield code="l">0</subfield>
    <subfield code="o">ALE PZ7.A37735</subfield>
    <subfield code="p">2024-0020</subfield>
    <subfield code="r">2024-01-11 13:55:51</subfield>
    <subfield code="t">2</subfield>
    <subfield code="w">2024-01-11</subfield>
    <subfield code="y">BK</subfield>
  </datafield>
</record>
